000 00520cam a2200169 a 4500
001 000006664
005 20200929153954.0
008 880919s1987 sp 000 0 spa
040 _aDO-SdBNP
_bspa
_cBNPHU
082 _a970.09
_bV937c
100 1 _aVoltes Bou, Pedro,
_d1926-
_918540
245 1 0 _aCinco siglos de España en América /
_cPedro Voltes.
260 _aBarcelona :
_bPlaza & Janes,
_c1987.
300 _a254 p. ;
_c22 cm.
651 4 _aAmérica
_xHistoria
_9865
650 4 _aEspañoles
_zAmérica
_xHistoria
_918541
999 _c6453
_d6453